header

Transboundary environmental governance (Record no. 73905)

MARC details
000 -LEADER
fixed length control field 01935nam a2200385Ia 4500
082 04 - DEWEY DECIMAL CLASSIFICATION NUMBER
Classification number 341.4/48
245 00 - TITLE STATEMENT
Title Transboundary environmental governance
260 ## - PUBLICATION, DISTRIBUTION, ETC. (IMPRINT)
Place of publication Farnham, Surrey, England ;
-- Burlington, VT :
Name of publisher Ashgate,
Year of publication 2012.
300 ## - PHYSICAL DESCRIPTION
Number of Pages xvi, 257 p. :
Other physical details ill., maps.
500 ## - GENERAL NOTE
General note "This book arose out of a seminar organised by the contributing editors, Robin Warner and simon Marsden, which was held on 12 May 2011 ... at the University of Wollongong in Australia".
650 #0 - SUBJECT ADDED ENTRY--TOPICAL TERM
Topical Term Marine resources conservation
Topical Term Environmental management
Topical Term Coastal zone management
Topical Term Environmental impact analysis
Topical Term Transboundary pollution
700 1# - ADDED ENTRY--PERSONAL NAME
Personal name Warner, Robin.
Personal name Marsden, Simon,
856 40 - ELECTRONIC LOCATION AND ACCESS
Uniform Resource Identifier http://site.ebrary.com/lib/rucke/Doc?id=10620915

No items available.

© 2026 Rongo University
Contact us: librarian | system librarian | Rongo university